000 00321cam a2200133ua 4500
003 OSt
008 231109b |||||||| |||| 00| 0 eng d
041 _aeng
082 _a028.75371
_bPAR/ME
245 _aMechanical engineering
260 _aThrissur :
_bGovt.Engineering College ,
_c1996.
300 _a94 ; .
942 _cBK
999 _c8912
_d8912